Intercambio cultural /
Un día, cuando Julito ya se iba a dormir después de ver la tele, vio un anuncio que lo atrapó: "Cambie su lugar por el de un ciudadano extranjero por una semana, ¡y viva otra vida!". Y así fue como Bombo llegó a ver la tele en casa de Julito, y Julito pudo pasar una maravillosa semana en l...
Guardado en:
| Autor Principal: | |
|---|---|
| Formato: | Libro |
| Idioma: | Undetermined |
| Publicado: |
Buenos Aires :
Fondo de Cultura Económica,
2015.
|
| Edición: | 1a ed. 1a reimp. |
| Series: | Los primerísimos
|
| Materias: | |
| Etiquetas: |
Agregar Etiqueta
Sin Etiquetas, Sea el primero en etiquetar este registro!
|
| LEADER | 01037nam a22002295a 4500 | ||
|---|---|---|---|
| 001 | CEM.cems020828 | ||
| 008 | 240223s2015####ag############000#0#und#d | ||
| 005 | 20240223170251.0 | ||
| 245 | 1 | 0 | |a Intercambio cultural / |c Isol. |
| 250 | |a 1a ed. 1a reimp. | ||
| 260 | |a Buenos Aires : |b Fondo de Cultura Económica, |c 2015. | ||
| 300 | |a 32 p. | ||
| 490 | 1 | |a Los primerísimos | |
| 500 | |a Edición especial del Ministerio de Educación. | ||
| 500 | |a Colección de literatura para el nivel inicial. | ||
| 520 | |a Un día, cuando Julito ya se iba a dormir después de ver la tele, vio un anuncio que lo atrapó: "Cambie su lugar por el de un ciudadano extranjero por una semana, ¡y viva otra vida!". Y así fue como Bombo llegó a ver la tele en casa de Julito, y Julito pudo pasar una maravillosa semana en la selva africana. | ||
| 020 | |a 9789505579945 | ||
| 100 | 1 | |a Isol. | |
| 653 | |a Literatura infantil | ||
| 653 | |a Literatura argentina | ||
| 653 | |a Novela infantil | ||
| 859 | |a CEMS |b BIB. CEMS - Inicial y Primaria |h A863.4 |i Is71 |k IP |p 5859 |t Ej. 1 | ||
